| 000 | 01837cam a2200433 a 4500 | ||
|---|---|---|---|
| 999 |
_c1278 _d1278 |
||
| 001 | 18978171 | ||
| 003 | OSt | ||
| 005 | 20230106100934.0 | ||
| 008 | 160217r20081999enkab j 000 0 eng | ||
| 010 | _a 2015509346 | ||
| 015 |
_aGBA863580 _2bnb |
||
| 016 | 7 |
_a014607045 _2Uk |
|
| 020 |
_a9780439944540 _q(pbk.) |
||
| 020 |
_a0439944546 _q(pbk.) |
||
| 035 | _a(OCoLC)ocn227275322 | ||
| 040 |
_aUKM _beng _cUKM _dBTCTA _dOCLCG _dYDXCP _dOCLCO _dOCLCF _dOCLCO _dOCLCQ _dNZTPP _dOCLCQ _dDLC _dKH8 |
||
| 042 | _alccopycat | ||
| 082 | 0 | 4 |
_a551.46 GAN _222 |
| 100 | 1 |
_aGaneri, Anita, _d1961- _eAuthor |
|
| 245 | 1 | 0 |
_aOdious oceans / _cAnita Ganeri ; illustrated by Mike Phillips. |
| 260 |
_aLondon ; _aNew York : _bScholastic, _c2008. |
||
| 300 |
_a159 pages : _bill., maps ; _c20 cm. |
||
| 336 |
_atext _btxt _2rdacontent |
||
| 337 |
_aunmediated _bn _2rdamedia |
||
| 338 |
_avolume _bnc _2rdacarrier |
||
| 490 | 1 | _aHorrible geography | |
| 500 | _aOriginally published: London: Hippo, 1999. | ||
| 520 | _aHorrible Geography takes you under the sea with Odious Oceans. Discover where in the world you can tuck into a poisonous pufferfish, spot some perilous pirates and explore the savage seabed! Filled with hilarious illustrations by Mike Phillips, Horrible Geography is the perfect escapism from miserable maps, rotten rock piles and dire diagrams. Hold tight! | ||
| 650 | 0 |
_aOcean _vJuvenile literature. |
|
| 650 | 0 |
_aOcean bottom _vJuvenile literature. |
|
| 650 | 7 |
_aOcean. _2fast _0(OCoLC)fst01043442 |
|
| 650 | 7 |
_aOcean bottom. _2fast _0(OCoLC)fst01043468 |
|
| 655 | 7 |
_aJuvenile works. _2fast _0(OCoLC)fst01411637 |
|
| 700 | 1 |
_aPhillips, Mike, _d1961- _eIllustrator |
|
| 830 | 0 | _aHorrible geography. | |
| 906 |
_a7 _bcbc _ccopycat _d2 _encip _f20 _gy-gencatlg |
||
| 942 |
_2ddc _cNFIC |
||